[Event "Quebec-ch U18 Online"]
[Site "Chess.com"]
[Date "2021.03.27"]
[Round "3"]
[White "Guipi Bopala, Prince Eric jr"]
[Black "Berube, Maximilien"]
[Result "1-0"]
[WhiteElo "1859"]
[BlackElo "1279"]
[PlyCount "67"]
[EventDate "2021.03.27"]
[EventType "swiss"]
[EventRounds "5"]
[EventCountry "CAN"]

1. d4 d5 2. c4 Nc6 3. cxd5 Qxd5 4. Nf3 Bg4 5. Nc3 Qa5 6. e3 e5 7. Be2 exd4 8.
Nxd4 Bxe2 9. Qxe2 Bb4 10. Bd2 Nge7 11. Nxc6 Nxc6 12. O-O O-O 13. a3 Bd6 14. Ne4
Qe5 15. Nxd6 Qxd6 16. Rfd1 Qe6 17. Bc3 Rad8 18. Qb5 Rb8 19. Rd2 a6 20. Qg5 f6
21. Qg3 Qe7 22. Rad1 Rbd8 23. Qg4 Rxd2 24. Rxd2 Rd8 25. h3 Rxd2 26. Bxd2 Qd8
27. Bc3 Na7 28. Qe6+ Kh8 29. Bb4 Nc6 30. Bc5 Ne5 31. f4 Nc6 32. Qf7 Qd1+ 33.
Kh2 Qd8 34. Bf8 1-0

[Event "Quebec-ch U18 Online"]
[Site "Chess.com"]
[Date "2021.03.27"]
[Round "3"]
[White "Kot, Emanuel"]
[Black "Tanaka, Tyler"]
[Result "1-0"]
[WhiteElo "1598"]
[BlackElo "2250"]
[PlyCount "117"]
[EventDate "2021.03.27"]
[EventType "swiss"]
[EventRounds "5"]
[EventCountry "CAN"]

1. e4 c6 2. d4 d5 3. Nc3 g6 4. Nf3 Bg7 5. Be2 Bg4 6. Be3 Nf6 7. exd5 cxd5 8.
Ne5 Bxe2 9. Nxe2 Nc6 10. Nxc6 bxc6 11. f3 O-O 12. O-O Qb6 13. Qd3 Rab8 14. b3
Nd7 15. Rad1 Qa5 16. a4 e5 17. dxe5 Nxe5 18. Qd2 Qa6 19. Rfe1 Rfe8 20. Nc1 Re6
21. Nd3 Nxd3 22. Qxd3 Qxd3 23. Rxd3 Rbe8 24. Kf1 f5 25. Bf2 Rxe1+ 26. Bxe1 Kf7
27. Bf2 a6 28. Bc5 Bf6 29. Kf2 Bg5 30. Rd1 h5 31. Re1 Rd8 32. Rd1 Bf6 33. Ke3
Bc3 34. Kd3 Ba5 35. Rf1 Re8 36. Rd1 Bc7 37. h3 Bg3 38. Rf1 Kf6 39. Bd4+ Kg5 40.
Be3+ Bf4 41. h4+ Kf6 42. Bxf4 c5 43. Bg3 g5 44. Re1 Rc8 45. hxg5+ Kxg5 46. Re6
h4 47. Bf2 c4+ 48. bxc4 Rxc4 49. Rxa6 h3 50. gxh3 Kf4 51. Bd4 Kxf3 52. a5 Ra4
53. Rf6 f4 54. a6 Ra3+ 55. c3 Kg3 56. Be5 Kxh3 57. Bxf4 Kg2 58. Be3 Kg3 59. a7
1-0

[Event "Quebec-ch U18 Online"]
[Site "Chess.com"]
[Date "2021.03.27"]
[Round "3"]
[White "Rodrigue-Lemieux, Shawn"]
[Black "Latorre, Vincent"]
[Result "1-0"]
[WhiteElo "2407"]
[BlackElo "1941"]
[PlyCount "97"]
[EventDate "2021.03.27"]
[EventType "swiss"]
[EventRounds "5"]
[EventCountry "CAN"]

1. c4 Nf6 2. g3 g6 3. Bg2 Bg7 4. Nc3 O-O 5. e4 d6 6. Nge2 c5 7. O-O Nc6 8. d3
Ne8 9. Be3 Nd4 10. Qd2 Nc7 11. Bh6 e5 12. Bxg7 Kxg7 13. f4 f6 14. Rf2 a6 15.
Raf1 Bg4 16. Nc1 b5 17. h3 Bc8 18. fxe5 dxe5 19. Nd5 Nxd5 20. cxd5 Qd6 21. Nb3
Bd7 22. Rc1 Rac8 23. Nxd4 cxd4 24. Rff1 b4 25. h4 h5 26. Kh2 a5 27. Kg1 Kh7 28.
Rf2 Kg7 29. Qd1 Rxc1 30. Qxc1 Rc8 31. Rc2 Qa6 32. Rc7 Rxc7 33. Qxc7 Qc8 34.
Qxa5 Qb7 35. Qd8 Bb5 36. Bf1 Qd7 37. Qa5 Qg4 38. Kf2 f5 39. Qc7+ Kf8 40. Qxe5
fxe4 41. Qxe4 Qf5+ 42. Ke1 Kf7 43. Qxd4 Bd7 44. Qf4 Kf6 45. Kf2 Kf7 46. Qxf5+
gxf5 47. Ke3 Kf6 48. Kf4 Bb5 49. Be2 1-0

[Event "Quebec-ch U18 Online"]
[Site "Chess.com"]
[Date "2021.03.27"]
[Round "3"]
[White "Zheng, Richard"]
[Black "Batorshyn, Ilia"]
[Result "1-0"]
[WhiteElo "2152"]
[BlackElo "1449"]
[PlyCount "75"]
[EventDate "2021.03.27"]
[EventType "swiss"]
[EventRounds "5"]
[EventCountry "CAN"]

1. d4 d5 2. c4 c6 3. Nc3 Nf6 4. Nf3 Bf5 5. Qb3 Qb6 6. c5 Qxb3 7. axb3 Nbd7 8.
b4 e6 9. Bf4 Be7 10. h3 O-O 11. e3 a6 12. Kd2 Ne4+ 13. Nxe4 Bxe4 14. Bd3 f5 15.
Ne1 g5 16. Bh2 f4 17. f3 Bxd3 18. Nxd3 fxe3+ 19. Kxe3 Bf6 20. Bd6 Rfe8 21. Be5
Bxe5 22. dxe5 Rf8 23. h4 Rf5 24. g4 Rf7 25. hxg5 b6 26. cxb6 Nxb6 27. b3 d4+
28. Ke4 Nd5 29. f4 Raf8 30. Rhf1 Ne3 31. Rf3 Nxg4 32. Rxa6 Rc8 33. Nc5 Re7 34.
Kxd4 Rd8+ 35. Ke4 Rb8 36. Rxc6 Rxb4+ 37. Kd3 Rxf4 38. Rc8+ 1-0

[Event "Quebec-ch U18 Online"]
[Site "Chess.com"]
[Date "2021.03.28"]
[Round "4"]
[White "Batorshyn, Ilia"]
[Black "Adam, Rafael"]
[Result "1-0"]
[WhiteElo "1449"]
[BlackElo "1907"]
[PlyCount "87"]
[EventDate "2021.03.27"]
[EventType "swiss"]
[EventRounds "5"]
[EventCountry "CAN"]

1. b3 e5 2. Bb2 Nc6 3. e3 Nf6 4. Bb5 Bd6 5. Na3 Na5 6. Be2 O-O 7. Nf3 Re8 8.
O-O c6 9. d4 e4 10. Ne5 Qe7 11. Nac4 Bc7 12. Nxa5 Bxa5 13. c4 d6 14. Ng4 Nxg4
15. Bxg4 d5 16. Bxc8 Raxc8 17. Rc1 Bc7 18. Qg4 Qd6 19. g3 Re6 20. cxd5 cxd5 21.
Rc2 Rf8 22. Ba3 Qxa3 23. Rxc7 b6 24. Qf5 Qxa2 25. Qxd5 a5 26. Qc4 Qd2 27. Rd7
Rfe8 28. Qc7 Rf6 29. Re7 Kf8 30. Rxe8+ Kxe8 31. Qc8+ Ke7 32. Qb7+ Kf8 33. Qa8+
Ke7 34. Qxe4+ Kf8 35. Qxh7 Qb2 36. Qd3 Rc6 37. Qa6 Rf6 38. Qc8+ Ke7 39. Qc7+
Ke8 40. d5 Qxb3 41. e4 Qb5 42. e5 Rf3 43. Qc8+ Ke7 44. d6# 1-0

[Event "Quebec-ch U18 Online"]
[Site "Chess.com"]
[Date "2021.03.28"]
[Round "4"]
[White "Latorre, Vincent"]
[Black "Kot, Emanuel"]
[Result "1-0"]
[WhiteElo "1941"]
[BlackElo "1598"]
[PlyCount "101"]
[EventDate "2021.03.27"]
[EventType "swiss"]
[EventRounds "5"]
[EventCountry "CAN"]

1. e4 c5 2. Nf3 d6 3. d4 cxd4 4. Nxd4 Nf6 5. Nc3 Nc6 6. Bg5 e6 7. Qd2 a6 8. f4
Bd7 9. O-O-O b5 10. Bxf6 gxf6 11. Kb1 Qb6 12. Nxc6 Bxc6 13. f5 b4 14. Ne2 e5
15. Ng3 h5 16. Bc4 Qc5 17. Qe2 h4 18. Nf1 a5 19. Ne3 Bh6 20. Nd5 Bxd5 21. Rxd5
Qc7 22. Bb5+ Ke7 23. Rhd1 Rad8 24. Qd3 Bf4 25. Bc4 Rhf8 26. Rb5 Rb8 27. Rxa5
Rb6 28. Qd5 Bxh2 29. Ra8 Bg3 30. Qa5 Rfb8 31. Qd5 Rf8 32. Bb3 Bf2 33. Rxf8 Kxf8
34. Qd2 Bg3 35. Qh6+ Kg8 36. Qg6+ Kf8 37. Qxf6 Ke8 38. Qh8+ Ke7 39. f6+ Kd7 40.
Bxf7 Rb8 41. Qg7 Kc6 42. Bd5+ Kb6 43. f7 Rc8 44. Bb3 Qe7 45. Qg6 Rd8 46. Qf5
Kc7 47. Qf1 Rc8 48. Qa6 Rb8 49. Bd5 Kd8 50. Ba8 Qxf7 51. Qxd6+ 1-0

[Event "Quebec-ch U18 Online"]
[Site "Chess.com"]
[Date "2021.03.28"]
[Round "4"]
[White "Liu, Ryan"]
[Black "Chen, Daniel"]
[Result "1-0"]
[WhiteElo "1101"]
[BlackElo "939"]
[PlyCount "137"]
[EventDate "2021.03.27"]
[EventType "swiss"]
[EventRounds "5"]
[EventCountry "CAN"]

1. e4 e5 2. Nf3 Nc6 3. d4 d6 4. dxe5 dxe5 5. Qxd8+ Kxd8 6. Nc3 Be6 7. Be3 Bd6
8. O-O-O Ke7 9. Nb5 a6 10. Nxd6 cxd6 11. Be2 h6 12. Kb1 Rd8 13. h3 Nf6 14. Bd3
g6 15. Nd2 b5 16. f4 Nb4 17. fxe5 Bxa2+ 18. Ka1 dxe5 19. b3 Nxd3 20. cxd3 Rxd3
21. Bc5+ Ke6 22. Kxa2 Rc8 23. Bb4 a5 24. Bxa5 Ra8 25. b4 Rd6 26. Rhe1 Rd4 27.
Kb2 Nd7 28. Nb3 Rxd1 29. Rxd1 Nf6 30. Nc5+ Ke7 31. Bc7 Rc8 32. Bxe5 Nh5 33.
Rd7+ Ke8 34. Rb7 Kf8 35. Rxb5 Ng7 36. Rb8 Rxb8 37. Bxb8 Ke7 38. Kc3 Kd8 39. Kc4
Kc8 40. Bf4 g5 41. Be5 Ne8 42. Kb5 f6 43. Bh2 Nc7+ 44. Bxc7 Kxc7 45. Ka6 Kb8
46. Kb6 h5 47. g4 hxg4 48. hxg4 Kc8 49. Ka7 Kc7 50. b5 Kd6 51. b6 Kxc5 52. b7
Kd4 53. b8=Q Kxe4 54. Qe8+ Kf4 55. Qe6 Kg3 56. Qxf6 Kxg4 57. Kb6 Kh4 58. Qh6+
Kg4 59. Kc5 Kf5 60. Qh3+ g4 61. Qg3 Kg5 62. Kd4 Kh5 63. Ke4 Kg5 64. Ke3 Kh5 65.
Kf4 Kg6 66. Qxg4+ Kh6 67. Kf5 Kh7 68. Kf6 Kh8 69. Qg7# 1-0

[Event "Quebec-ch U18 Online"]
[Site "Chess.com"]
[Date "2021.03.28"]
[Round "4"]
[White "Tanaka, Tyler"]
[Black "Stoilov, Vadym"]
[Result "1-0"]
[WhiteElo "2250"]
[BlackElo "1639"]
[PlyCount "73"]
[EventDate "2021.03.27"]
[EventType "swiss"]
[EventRounds "5"]
[EventCountry "CAN"]

1. e4 c5 2. Nf3 d6 3. Nc3 Nf6 4. e5 dxe5 5. Nxe5 e6 6. g3 Qc7 7. Nc4 a6 8. Bg2
Nc6 9. a4 Be7 10. O-O O-O 11. d3 Rd8 12. Re1 h6 13. Bf4 e5 14. Nxe5 Nxe5 15.
Bxe5 Qd7 16. Qf3 Ng4 17. Bf4 Bd6 18. Nd5 Bxf4 19. Qxf4 h5 20. Nb6 Qf5 21. Qxf5
Bxf5 22. Nxa8 Rxa8 23. b3 Rb8 24. h3 Nf6 25. Re5 Be6 26. Rxc5 b6 27. Rc7 Nd5
28. Bxd5 Bxd5 29. Re1 Be6 30. Kg2 Kf8 31. d4 Re8 32. Kg1 Rb8 33. h4 g6 34. f3
b5 35. a5 Ra8 36. c4 bxc4 37. bxc4 1-0

[Event "Quebec-ch U18 Online"]
[Site "Chess.com"]
[Date "2021.03.28"]
[Round "4"]
[White "Wang, Isabelle"]
[Black "Bilodeau-Savaria, Sandy-Rose"]
[Result "1/2-1/2"]
[WhiteElo "1725"]
[BlackElo "1537"]
[PlyCount "174"]
[EventDate "2021.03.27"]
[EventType "swiss"]
[EventRounds "5"]
[EventCountry "CAN"]

1. e4 c5 2. Nf3 d6 3. d4 cxd4 4. Nxd4 Nf6 5. Nc3 a6 6. Be2 e5 7. Nb3 Be7 8. O-O
Be6 9. f4 exf4 10. Bxf4 Nc6 11. Kh1 O-O 12. Nd4 Qd7 13. Nxc6 bxc6 14. Bd3 Bg4
15. Qe1 Rfe8 16. Qf2 Bh5 17. h3 Bg6 18. Rad1 Qb7 19. b3 Qb4 20. Qd2 a5 21. e5
dxe5 22. Bxe5 Rad8 23. Nb1 Qxd2 24. Rxd2 Ne4 25. Bxe4 Bxe4 26. Bc7 Rxd2 27.
Nxd2 Bxc2 28. Bxa5 Ra8 29. b4 c5 30. a3 Bd3 31. Re1 Bd6 32. bxc5 Bxc5 33. Bb4
Bf2 34. Rc1 Re8 35. Kh2 h6 36. a4 Be3 37. a5 Ra8 38. Ra1 Bxd2 39. Bxd2 Ba6 40.
Bb4 Rb8 41. Bc5 Rb2 42. Bb6 Rb5 43. Rd1 Rb2 44. Rd8+ Kh7 45. Rd7 Bc4 46. Rd1
Ra2 47. Kg3 g6 48. Rc1 Bd5 49. Rd1 Rxg2+ 50. Kf4 Bb7 51. Rd7 Ba6 52. Rxf7+ Kg8
53. Ra7 Bb5 54. a6 Ra2 55. Ra8+ Kf7 56. a7 Bc6 57. Rc8 Bg2 58. Rc7+ Ke6 59. h4
Ra4+ 60. Kg3 Bd5 61. Rg7 Kf6 62. Rd7 Ba8 63. Be3 h5 64. Rd4 Rxd4 65. Bxd4+ Kf5
66. Be3 Bb7 67. Bg5 Ba8 68. Kf2 Ke4 69. Ke2 Bb7 70. Kd2 Kd4 71. Be3+ Ke4 72.
Bf2 Kf3 73. Bc5 Ke4 74. Kc3 Kd5 75. Bf2 Ba8 76. Kb4 Kc6 77. Ka5 Bb7 78. Kb4 Ba8
79. Kc4 Bb7 80. Kd3 Kd5 81. Ke3 Ke5 82. Bg3+ Kd5 83. Kf4 Ke6 84. Bf2 Ba8 85.
Bd4 Bb7 86. Kg5 Kf7 87. Be5 Ba8 1/2-1/2

[Event "Quebec-ch U18 Online"]
[Site "Chess.com"]
[Date "2021.03.28"]
[Round "4"]
[White "Yan, Alex Jikai"]
[Black "Guipi Bopala, Prince Eric jr"]
[Result "1/2-1/2"]
[WhiteElo "1868"]
[BlackElo "1859"]
[PlyCount "33"]
[EventDate "2021.03.27"]
[EventType "swiss"]
[EventRounds "5"]
[EventCountry "CAN"]

1. e4 c6 2. c4 d5 3. cxd5 cxd5 4. exd5 Nf6 5. Nc3 Nxd5 6. Nf3 Nxc3 7. bxc3 e6
8. d4 Be7 9. Bd3 O-O 10. Ne5 Nc6 11. Qh5 g6 12. Nxg6 fxg6 13. Bxg6 hxg6 14.
Qxg6+ Kh8 15. Qh6+ Kg8 16. Qg6+ Kh8 17. Qh6+ 1/2-1/2

[Event "Quebec-ch U18 Online"]
[Site "Chess.com"]
[Date "2021.03.28"]
[Round "4"]
[White "Zheng, Richard"]
[Black "Rodrigue-Lemieux, Shawn"]
[Result "1-0"]
[WhiteElo "2152"]
[BlackElo "2407"]
[PlyCount "183"]
[EventDate "2021.03.27"]
[EventType "swiss"]
[EventRounds "5"]
[EventCountry "CAN"]

1. d4 Nf6 2. Nd2 d5 3. Ngf3 Bf5 4. e3 e6 5. c4 c6 6. b3 Bd6 7. Bb2 O-O 8. Be2
Nbd7 9. O-O Qb8 10. Rc1 a5 11. h3 h6 12. a3 Re8 13. c5 Bc7 14. b4 axb4 15. axb4
e5 16. b5 e4 17. Ne1 Qc8 18. g4 Bh7 19. Ng2 Nf8 20. b6 Bb8 21. Re1 h5 22. Nf1
Ne6 23. Nh4 Ng5 24. Kg2 hxg4 25. Bxg4 Nxg4 26. Qxg4 Nf3 27. Nxf3 exf3+ 28. Kg1
Re6 29. Kh1 Ra2 30. Rb1 Qd8 31. Nd2 Rg6 32. Qxf3 Qh4 33. Ra1 Ra6 34. Rxa6 bxa6
35. Ra1 Bg3 36. Qg2 Bxf2 37. b7 Bg3 38. Rxa6 Kh8 39. Ra8+ Bg8 40. Qf1 Rf6 41.
Nf3 Qh7 42. Kg2 Qg6 43. Qe2 Re6 44. Kh1 Qb1+ 45. Ng1 Re7 46. Qh5+ Qh7 47. Qxh7+
Kxh7 48. b8=Q Bxb8 49. Rxb8 Rxe3 50. Rb6 Re6 51. Nf3 f6 52. Bc1 Bf7 53. Kg2 Bh5
54. Kg3 Kg6 55. Rb3 Re2 56. Bf4 Re4 57. Rd3 Kf7 58. Be3 Re7 59. Bf2 Ra7 60. Rb3
Ra2 61. Re3 g5 62. h4 g4 63. Ne1 f5 64. Ng2 Kf6 65. Nf4 Bf7 66. Rb3 Be8 67. Rb6
Kf7 68. Rb7+ Kf6 69. Rb3 Kf7 70. Re3 Bd7 71. Nd3 Be8 72. Kf4 Bd7 73. Ne5+ Kg7
74. Bg3 Be8 75. Nxg4 Bh5 76. Kxf5 Rd2 77. Kg5 Bf7 78. Be5+ Kf8 79. Bf6 Rd1 80.
h5 Rh1 81. h6 Rh5+ 82. Kf4 Bg6 83. Bg7+ Kf7 84. Ne5+ Kg8 85. Nxg6 Rh1 86. Ne7+
Kh7 87. Nxc6 Ra1 88. Ne7 Rf1+ 89. Ke5 Rf7 90. Nxd5 Re7+ 91. Kd6 Rf7 92. c6 1-0

[Event "Quebec-ch U18 Online"]
[Site "Chess.com"]
[Date "2021.03.28"]
[Round "5"]
[White "Adam, Rafael"]
[Black "Berube, Maximilien"]
[Result "1-0"]
[WhiteElo "1907"]
[BlackElo "1279"]
[PlyCount "145"]
[EventDate "2021.03.27"]
[EventType "swiss"]
[EventRounds "5"]
[EventCountry "CAN"]

1. d4 d5 2. c4 Nc6 3. e3 Nf6 4. Nf3 Bg4 5. Nbd2 e5 6. Qa4 exd4 7. Nxd4 Bd7 8.
Nxc6 Bxc6 9. Qb3 Be7 10. Nf3 Qd6 11. a3 a5 12. Be2 O-O 13. O-O dxc4 14. Qxc4
Rfd8 15. h3 Bd5 16. Qc2 Qc6 17. Qxc6 Bxc6 18. Nd4 Bd5 19. Bd2 Bc5 20. Bc3 Ne4
21. Nb5 Nxc3 22. Nxc3 Be6 23. Rac1 Be7 24. Nb5 c6 25. Nc7 Rac8 26. Nxe6 fxe6
27. Bg4 Rd6 28. e4 Kf7 29. Rc3 Rd2 30. Rf3+ Kg6 31. Bxe6 Rf8 32. Bf5+ Kh6 33.
Rb3 b5 34. f4 g6 35. Bg4 Rc2 36. Bd1 Rc4 37. Bf3 Rxf4 38. Rd1 Rf6 39. Rd2 Rd6
40. Re2 Rd1+ 41. Kh2 a4 42. Rbe3 Kg7 43. e5 Rd8 44. e6 Rd6 45. g3 c5 46. Bg2
Rd8 47. Bc6 b4 48. axb4 cxb4 49. Bxa4 Rcd4 50. Bd7 Rf8 51. Kg2 Rd1 52. Rf3 Rxf3
53. Kxf3 Rf1+ 54. Kg2 Rf8 55. Rc2 Kf6 56. Kf3 Ke5+ 57. Ke2 Kf6 58. Rc4 g5 59.
h4 h6 60. Kf3 Kg6+ 61. Ke3 Kf6 62. Ke4 Rb8 63. b3 Rf8 64. Kd5 Rb8 65. h5 Bf8
66. Rc2 Rb7 67. Rf2+ Kg7 68. Rxf8 Kxf8 69. Kd6 Rb6+ 70. Bc6 Rxc6+ 71. Kxc6 Ke7
72. Kd5 g4 73. Ke5 1-0

[Event "Quebec-ch U18 Online"]
[Site "Chess.com"]
[Date "2021.03.28"]
[Round "5"]
[White "Chen, Daniel"]
[Black "Hamelin, Mikaiah"]
[Result "0-1"]
[WhiteElo "939"]
[BlackElo "1108"]
[PlyCount "104"]
[EventDate "2021.03.27"]
[EventType "swiss"]
[EventRounds "5"]
[EventCountry "CAN"]

1. e4 c5 2. c3 Nc6 3. d4 cxd4 4. cxd4 e6 5. Nc3 Nf6 6. e5 Nd5 7. Nxd5 exd5 8.
Nf3 Qe7 9. a3 g6 10. Bg5 Qe6 11. Bf6 Rg8 12. Ng5 Qf5 13. Bd3 Qf4 14. g3 Qxd4
15. O-O d6 16. Ne4 dxe4 17. Bb5 Qxd1 18. Bxc6+ bxc6 19. Rfxd1 Bg4 20. Rd4 dxe5
21. Rxe4 Be6 22. Rd1 Be7 23. Bxe7 Kxe7 24. Rxe5 Rad8 25. Rde1 Rd6 26. b4 f6 27.
R5e4 Kd7 28. a4 a6 29. b5 cxb5 30. axb5 axb5 31. Rb1 Rb8 32. f4 f5 33. h3 h5
34. h4 Bd5 35. Re5 b4 36. Rd1 Rb5 37. Rd4 b3 38. Kf1 b2 39. Re1 b1=Q 40. Rxb1
Rxb1+ 41. Kf2 Rb2+ 42. Kg1 Rg2+ 43. Kf1 Bc4+ 44. Kxg2 Rxd4 45. Kh3 Rd3 46. Kh2
Kd6 47. Kh3 Kd5 48. Kh2 Ke4 49. Kh3 Kf3 50. g4 Kf2+ 51. Kh2 fxg4 52. f5 Rh3#
0-1

[Event "Quebec-ch U18 Online"]
[Site "Chess.com"]
[Date "2021.03.28"]
[Round "5"]
[White "Guipi Bopala, Prince Eric jr"]
[Black "Latorre, Vincent"]
[Result "1/2-1/2"]
[WhiteElo "1859"]
[BlackElo "1941"]
[PlyCount "87"]
[EventDate "2021.03.27"]
[EventType "swiss"]
[EventRounds "5"]
[EventCountry "CAN"]

1. d4 Nf6 2. c4 g6 3. Nc3 Bg7 4. e4 d6 5. f3 O-O 6. Be3 c5 7. Nge2 Nc6 8. Qd2
Rb8 9. Rd1 cxd4 10. Nxd4 a6 11. Be2 Bd7 12. O-O Qa5 13. Nd5 Qxd2 14. Rxd2 Nxd5
15. cxd5 Nxd4 16. Bxd4 Bxd4+ 17. Rxd4 Rbc8 18. Rc4 Bb5 19. Rxc8 Rxc8 20. Bxb5
axb5 21. a3 Rc2 22. Rf2 Rc1+ 23. Rf1 Rc2 24. Rf2 Rc1+ 25. Rf1 Rc4 26. Rf2 Kf8
27. Rd2 Ke8 28. Kf2 Kd7 29. Ke3 Kc7 30. g3 Kb6 31. b4 Rc3+ 32. Rd3 Rc2 33. Rd2
Rc1 34. Ke2 Ra1 35. Rd3 Ra2+ 36. Ke3 Rxh2 37. Rc3 Ra2 38. Kf4 h6 39. Ke3 Rg2
40. Kf4 g5+ 41. Kg4 h5+ 42. Kxg5 Rxg3+ 43. Kxh5 Rg8 44. Kh4 1/2-1/2

[Event "Quebec-ch U18 Online"]
[Site "Chess.com"]
[Date "2021.03.28"]
[Round "5"]
[White "Kot, Emanuel"]
[Black "Batorshyn, Ilia"]
[Result "1-0"]
[WhiteElo "1598"]
[BlackElo "1449"]
[PlyCount "69"]
[EventDate "2021.03.27"]
[EventType "swiss"]
[EventRounds "5"]
[EventCountry "CAN"]

1. e4 e6 2. d4 d5 3. e5 c5 4. c3 Nc6 5. Nf3 Qb6 6. a3 c4 7. g3 Qc7 8. h4 b5 9.
Bh3 a5 10. O-O Rb8 11. Be3 b4 12. axb4 axb4 13. Nbd2 Bd7 14. Ne1 Nge7 15. Ng2
bxc3 16. bxc3 Na7 17. Nf3 Nb5 18. Bd2 Nc6 19. Nf4 h6 20. Nh2 Rg8 21. Nh5 Be7
22. Ng4 Qd8 23. Qc2 g6 24. Nhf6+ Bxf6 25. Nxf6+ Ke7 26. Nxg8+ Qxg8 27. Bxh6
Ncxd4 28. cxd4 Nxd4 29. Qd1 Nb3 30. Ra7 d4 31. Qf3 d3 32. Qc6 Qc8 33. Qd6+ Kd8
34. Bg5+ Ke8 35. Qe7# 1-0

[Event "Quebec-ch U18 Online"]
[Site "Chess.com"]
[Date "2021.03.28"]
[Round "5"]
[White "Stoilov, Vadym"]
[Black "Yan, Alex Jikai"]
[Result "0-1"]
[WhiteElo "1639"]
[BlackElo "1868"]
[PlyCount "108"]
[EventDate "2021.03.27"]
[EventType "swiss"]
[EventRounds "5"]
[EventCountry "CAN"]

1. e4 c5 2. Nf3 Nc6 3. c3 Nf6 4. Bd3 e5 5. Bc2 d5 6. Qe2 Bg4 7. d3 d4 8. O-O
Be7 9. Re1 O-O 10. Nbd2 Nh5 11. Nf1 Qd6 12. h3 Be6 13. N3h2 Nf4 14. Bxf4 exf4
15. Nd2 dxc3 16. bxc3 Bf6 17. e5 Bxe5 18. Ne4 Qe7 19. Nf3 f6 20. Bb3 Bxb3 21.
axb3 Rad8 22. Ra2 b6 23. Nxe5 fxe5 24. Qf3 Qe6 25. Rb2 a5 26. Rd1 h6 27. Nd2
Qd5 28. Qe4 Ne7 29. Qxd5+ Nxd5 30. Ne4 Nf6 31. Nxf6+ Rxf6 32. Re2 Re6 33. Ree1
Kf7 34. f3 Red6 35. Rxe5 Rxd3 36. Rxd3 Rxd3 37. Rf5+ Kg8 38. b4 Rxc3 39. bxa5
bxa5 40. Rxf4 c4 41. Rf5 a4 42. Ra5 a3 43. Kh2 Rb3 44. Kg3 c3 45. Kf4 c2 46.
Kf5 c1=Q 47. Kg6 Qg5+ 48. Rxg5 hxg5 49. Kxg5 a2 50. g4 Rxf3 51. h4 a1=Q 52. Kh5
Qa2 53. g5 g6+ 54. Kg4 Qg2# 0-1

[Event "Quebec-ch U18 Online"]
[Site "Chess.com"]
[Date "2021.03.28"]
[Round "5"]
[White "Tanaka, Tyler"]
[Black "Zheng, Richard"]
[Result "1-0"]
[WhiteElo "2250"]
[BlackElo "2152"]
[PlyCount "201"]
[EventDate "2021.03.27"]
[EventType "swiss"]
[EventRounds "5"]
[EventCountry "CAN"]

1. d4 d5 2. Bg5 Nf6 3. e3 Bf5 4. c4 e6 5. Qb3 Nc6 6. Bxf6 gxf6 7. Nc3 Bb4 8.
cxd5 Qxd5 9. Qxd5 exd5 10. Bb5 Kd7 11. Rc1 a6 12. Bxc6+ Kxc6 13. Nge2 Kd7 14.
a3 Bxc3+ 15. Rxc3 Rhg8 16. Nf4 c6 17. f3 Bg6 18. h4 h5 19. Kf2 f5 20. Rb1 f6
21. b4 Bf7 22. a4 Kd6 23. Nd3 Be6 24. Rcb3 Bd7 25. Nf4 Be8 26. a5 Bf7 27. Rh1
Rg7 28. Rh3 Rag8 29. Rc3 Be8 30. Rc1 Re7 31. Ne2 Bf7 32. Rg3 Rxg3 33. Nxg3 Bg6
34. Ne2 Be8 35. Nf4 Rg7 36. Nd3 Bg6 37. Rh1 Bf7 38. Rh3 Kc7 39. Rg3 Rxg3 40.
Kxg3 b6 41. Kf4 Bg6 42. Kg3 Bf7 43. Kf2 Bg6 44. Ke1 Bf7 45. Kd2 Bg6 46. Kc3 Bf7
47. Nf4 Kb7 48. Ne2 Kc7 49. Ng3 Bg6 50. Kb3 Kb7 51. Ne2 Bf7 52. Kc3 Kc7 53. Nc1
Bg6 54. Nd3 Bf7 55. Nb2 bxa5 56. bxa5 Kd6 57. Kb4 Be6 58. Nd3 Bd7 59. Nf4 Be8
60. Nd3 Bd7 61. Kc3 Be6 62. Kd2 Bd7 63. Ke2 Be6 64. Kf2 Bd7 65. Kg3 Be6 66. Nc5
Bc8 67. Nd3 Be6 68. Kf4 Bd7 69. Nb4 Bc8 70. g4 fxg4 71. fxg4 Bxg4 72. Nxa6 Bc8
73. Nc5 Kc7 74. Kg3 Bf5 75. Kf2 Bc8 76. Ke2 Bf5 77. Kd2 Bc8 78. Kc3 Bf5 79. Kb4
Bc8 80. Nd3 Bd7 81. Kc5 Be8 82. a6 Bg6 83. Nf4 Bf7 84. a7 Kb7 85. a8=Q+ Kxa8
86. Kxc6 Kb8 87. Nxd5 f5 88. Ne7 Be6 89. Kd6 Bf7 90. Nxf5 Kc8 91. e4 Kd8 92. e5
Ke8 93. e6 Bg6 94. Ne3 Kd8 95. d5 Ke8 96. Ke5 Ke7 97. d6+ Ke8 98. Nd5 Kd8 99.
e7+ Kd7 100. Nf6+ Kc6 101. e8=Q+ 1-0

[Event "Quebec-ch inv."]
[Site "Montreal CAN"]
[Date "2021.11.25"]
[Round "1.1"]
[White "Lawson, Eric"]
[Black "Rodrigue-Lemieux, Shawn"]
[Result "1/2-1/2"]
[WhiteElo "2374"]
[BlackElo "2414"]
[PlyCount "84"]
[EventDate "2021.11.25"]
[EventType "k.o."]
[EventRounds "3"]
[EventCountry "CAN"]

1. e4 c6 2. Nf3 d5 3. Nc3 Bg4 4. Be2 Nf6 5. h3 Bh5 6. e5 Bxf3 7. Bxf3 Nfd7 8.
d4 e6 9. O-O Be7 10. Ne2 O-O 11. Be3 c5 12. c3 Nc6 13. Bg4 cxd4 14. cxd4 Rc8
15. Nf4 Nb6 16. b3 Nb4 17. Qf3 Nc2 18. Rad1 Rc3 19. Rd3 Qc7 20. Rfd1 Rxd3 21.
Nxd3 Nxe3 22. fxe3 Qc2 23. Qe2 Qxe2 24. Bxe2 Ba3 25. Rd2 Rc8 26. Kf2 a5 27. Bd1
Kf8 28. Rc2 Ke8 29. Rxc8+ Nxc8 30. Ke2 Kd7 31. Kd2 Ne7 32. Bf3 Nc6 33. Kc2 Be7
34. Kd2 Bg5 35. Ke2 b6 36. a4 Ne7 37. g4 Nc6 38. Bg2 f6 39. exf6 gxf6 40. Ne1
Kd6 41. Nc2 Na7 42. Na3 h6 1/2-1/2

[Event "Quebec-ch inv."]
[Site "Montreal CAN"]
[Date "2021.11.25"]
[Round "1.1"]
[White "Sambuev, Bator"]
[Black "Bolduc, Steve"]
[Result "1-0"]
[WhiteElo "2568"]
[BlackElo "2247"]
[PlyCount "47"]
[EventDate "2021.11.25"]
[EventType "k.o."]
[EventRounds "3"]
[EventCountry "CAN"]

1. Nf3 d5 2. d4 e6 3. e3 Nf6 4. Bd3 c5 5. b3 Nc6 6. O-O Bd6 7. Bb2 O-O 8. a3 b6
9. Nbd2 Bb7 10. Qe2 Re8 11. Ne5 Ne7 12. f4 Ng6 13. Ndf3 Ne4 14. Nxf7 Kxf7 15.
Bxe4 dxe4 16. Ng5+ Ke7 17. dxc5 bxc5 18. Rad1 Qb6 19. Qg4 Nf8 20. Bxg7 c4 21.
f5 Bd5 22. fxe6 Bxh2+ 23. Kxh2 Bxe6 24. Bf6# 1-0

[Event "Quebec-ch inv."]
[Site "Montreal CAN"]
[Date "2021.11.25"]
[Round "1.1"]
[White "Zhong, Kevin"]
[Black "Roussel-Roozmon, Thomas"]
[Result "1/2-1/2"]
[WhiteElo "2262"]
[BlackElo "2503"]
[PlyCount "112"]
[EventDate "2021.11.25"]
[EventType "k.o."]
[EventRounds "3"]
[EventCountry "CAN"]

1. e4 e6 2. Nf3 d5 3. Nc3 d4 4. Ne2 c5 5. c3 Nf6 6. e5 Nfd7 7. cxd4 cxd4 8.
Nexd4 Nxe5 9. Bb5+ Nec6 10. O-O Be7 11. Nxc6 Nxc6 12. Ne5 Bd7 13. Bxc6 Bxc6 14.
Nxc6 bxc6 15. d4 O-O 16. Be3 Qd5 17. Qa4 Rfb8 18. b3 Rb4 19. Qa6 Rb6 20. Qa4
Rb4 21. Qa6 Qb5 22. Qxb5 Rxb5 23. Rac1 Rc8 24. Rc4 Ra5 25. Rc2 Kf8 26. Rfc1 Ra6
27. Kf1 Ke8 28. Ke2 Kd7 29. Kd3 h5 30. f4 Ba3 31. Rf1 g6 32. Rc4 Rb8 33. Rf2
Rb5 34. Rfc2 Bd6 35. Bd2 Rd5 36. Ke4 Rb5 37. Kd3 Rd5 38. Ke4 Rf5 39. a4 Rb6 40.
b4 Rd5 41. a5 Rb7 42. Rxc6 Rdb5 43. R2c4 Bxb4 44. a6 Bxd2 45. axb7 Rxb7 46. Ra6
Bb4 47. Ke5 Ke7 48. Rc2 Bd6+ 49. Ke4 Bc7 50. h3 Bb6 51. g4 hxg4 52. hxg4 Rd7
53. Ra4 f5+ 54. gxf5 gxf5+ 55. Kd3 Rd5 56. Re2 Kf6 1/2-1/2

[Event "Quebec-ch inv."]
[Site "Montreal CAN"]
[Date "2021.11.25"]
[Round "1.2"]
[White "Bolduc, Steve"]
[Black "Sambuev, Bator"]
[Result "0-1"]
[WhiteElo "2247"]
[BlackElo "2568"]
[PlyCount "102"]
[EventDate "2021.11.25"]
[EventType "k.o."]
[EventRounds "3"]
[EventCountry "CAN"]

1. d4 Nf6 2. c4 e6 3. Nf3 b6 4. a3 Bb7 5. Nc3 g6 6. g3 Bg7 7. Bg2 O-O 8. O-O
Ne4 9. Nxe4 Bxe4 10. Bd2 d5 11. cxd5 Qxd5 12. Bc3 Nd7 13. Rc1 Rfd8 14. Ne1 Bxg2
15. Nxg2 Qb7 16. Qc2 Nf6 17. Rfd1 Ne4 18. e3 c5 19. dxc5 Bxc3 20. bxc3 Nxc5 21.
h4 Qe4 22. Qe2 Nd3 23. Rc2 Ne5 24. Ne1 Qc4 25. Rd4 Qxe2 26. Rxe2 Nc6 27. Rdd2
Kf8 28. Nc2 Rxd2 29. Rxd2 Ke7 30. Kf1 Rc8 31. e4 Ne5 32. f4 Nc4 33. Rd3 Nb2 34.
Re3 Nd1 35. Rd3 Nxc3 36. e5 Nd5 37. Nb4 Nxb4 38. axb4 a5 39. Rd6 Ra8 40. Rxb6
a4 41. Rd6 a3 42. Rd1 a2 43. Ra1 Kd7 44. Ke2 Kc6 45. Kd3 Kb5 46. Kc3 Ra3+ 47.
Kb2 Rxg3 48. Kxa2 Rf3 49. h5 Rxf4 50. hxg6 hxg6 51. Re1 Kxb4 0-1